Gaming Quiz

Random Gaming or Mario Quiz

All-Time Mario Kart Characters Quiz Stats

 Plays Quiz not verified by Sporcle

Score 0/125 Timer 07:00
0 Plays Today
Edition Racer % Correct
Super Mario Kart*Mario
100%
Mario Kart 64Mario
100%
Mario Kart: Super CircuitMario
100%
Mario Kart: Double DashMario
100%
Mario Kart Arcade GPMario
100%
Mario Kart DSMario
100%
Mario Kart Arcade GP2Mario
100%
Mario Kart WiiMario
100%
Mario Kart 7Mario
100%
Super Mario Kart*Peach
98.4%
Super Mario Kart*Luigi
98.4%
Mario Kart 64Peach
98.4%
Mario Kart 64Luigi
98.4%
Mario Kart: Super CircuitPeach
98.4%
Mario Kart: Super CircuitLuigi
98.4%
Mario Kart: Double DashLuigi
98.4%
Mario Kart: Double DashPeach
98.4%
Mario Kart Arcade GPLuigi
98.4%
Mario Kart Arcade GPPeach
98.4%
Mario Kart DSLuigi
98.4%
Mario Kart DSPeach
98.4%
Mario Kart Arcade GP2Luigi
98.4%
Mario Kart Arcade GP2Peach
98.4%
Mario Kart WiiLuigi
98.4%
Mario Kart WiiPeach
98.4%
Mario Kart 7Peach
98.4%
Mario Kart 7Luigi
98.4%
Super Mario Kart*Bowser
96.8%
Mario Kart 64Bowser
96.8%
Mario Kart: Super CircuitBowser
96.8%
Mario Kart: Double DashBowser
96.8%
Mario Kart Arcade GPBowser
96.8%
Mario Kart DSBowser
96.8%
Mario Kart Arcade GP2Bowser
96.8%
Mario Kart WiiBowser
96.8%
Mario Kart 7Bowser
96.8%
Super Mario Kart*Yoshi
95.2%
Mario Kart 64Yoshi
95.2%
Mario Kart: Super CircuitYoshi
95.2%
Mario Kart: Double DashYoshi
95.2%
Mario Kart Arcade GPYoshi
95.2%
Mario Kart DSYoshi
95.2%
Edition Racer % Correct
Mario Kart Arcade GP2Yoshi
95.2%
Mario Kart WiiYoshi
95.2%
Mario Kart 7Yoshi
95.2%
Mario Kart 64*Wario
93.7%
Mario Kart 64*Donkey Kong
93.7%
Mario Kart: Super CircuitWario
93.7%
Mario Kart: Super CircuitDonkey Kong
93.7%
Mario Kart: Double DashDonkey Kong
93.7%
Mario Kart: Double DashWario
93.7%
Mario Kart Arcade GPWario
93.7%
Mario Kart Arcade GPDonkey Kong
93.7%
Mario Kart DSDonkey Kong
93.7%
Mario Kart DSWario
93.7%
Mario Kart Arcade GP2Wario
93.7%
Mario Kart Arcade GP2Donkey Kong
93.7%
Mario Kart WiiDonkey Kong
93.7%
Mario Kart WiiWario
93.7%
Mario Kart 7Wario
93.7%
Mario Kart 7Donkey Kong
93.7%
Super Mario Kart*Toad
92.1%
Mario Kart 64Toad
92.1%
Mario Kart: Super CircuitToad
92.1%
Mario Kart: Double DashToad
92.1%
Mario Kart Arcade GPToad
92.1%
Mario Kart DSToad
92.1%
Mario Kart Arcade GP2Toad
92.1%
Mario Kart WiiToad
92.1%
Mario Kart 7Toad
92.1%
Mario Kart: Double Dash*Waluigi
88.9%
Mario Kart DSWaluigi
88.9%
Mario Kart Arcade GP2Waluigi
88.9%
Mario Kart WiiWaluigi
88.9%
Super Mario Kart*Koopa Troopa
88.1%
Mario Kart: Double Dash*Daisy
88.1%
Mario Kart: Double DashKoopa Troopa
88.1%
Mario Kart DSDaisy
88.1%
Mario Kart WiiKoopa Troopa
88.1%
Mario Kart WiiDaisy
88.1%
Mario Kart 7Daisy
88.1%
Mario Kart: Double Dash*Baby Mario
87.3%
Mario Kart WiiBaby Mario
87.3%
Mario Kart: Double Dash*Diddy Kong
86.5%
Edition Racer % Correct
Mario Kart WiiDiddy Kong
86.5%
Mario Kart: Double Dash*Baby Luigi
84.9%
Mario Kart: Double Dash*Bowser Jr
84.9%
Mario Kart WiiBaby Luigi
84.9%
Mario Kart WiiBowser Jr
84.9%
Mario Kart: Double Dash*Toadette
84.1%
Mario Kart WiiToadette
84.1%
Mario Kart: Double Dash*King Boo
83.3%
Mario Kart WiiKing Boo
83.3%
Mario Kart: Double Dash*Birdo
81.7%
Mario Kart WiiBirdo
81.7%
Mario Kart Wii*Baby Peach
81%
Mario Kart Wii*Rosalina
80.2%
Mario Kart 7Rosalina
80.2%
Mario Kart DS*Dry Bones
79.4%
Mario Kart WiiDry Bones
79.4%
Mario Kart Wii*Baby Daisy
78.6%
Mario Kart Wii*Dry Bowser
72.2%
Mario Kart Wii*Funky Kong
72.2%
Super Mario Kart*Donkey Kong Jr
71.4%
Mario Kart DS*Shy Guy
70.6%
Mario Kart 7Shy Guy
70.6%
Mario Kart: Double Dash*Petey Piranha
68.3%
Mario Kart 7Mii
67.5%
Mario Kart Arcade GP*Pac-Man
63.5%
Mario Kart DS*R O B
63.5%
Mario Kart Arcade GP2Pac-Man
63.5%
Mario Kart 7*Metal Mario
60.3%
Mario Kart 7*Wiggler
58.7%
Mario Kart 7*Honey Queen
58.7%
Mario Kart Arcade GP*Ms. Pac-Man
56.3%
Mario Kart Arcade GP2Ms. Pac-Man
56.3%
Mario Kart 7*Lakitu
56.3%
Mario Kart 7Koopa Troopa
56.3%
Mario Kart: Double Dash*Koopa Paratroopa
54.8%
Mario Kart Arcade GP*Blinky
48.4%
Mario Kart Arcade GP2Blinky
48.4%
Mario Kart Arcade GP2*Mametchi
33.3%
Mario Kart Wii*Mii Outfit A
32.5%
Mario Kart Wii*Mii Outfit B
31.7%
Mario Kart 64*Mini Bomb Kart
8.7%

You're not logged in!

Compare scores with friends on all Sporcle quizzes.
OR
Log In

Show Comments

Extras

Top Quizzes Today


Score Distribution

Your Account Isn't Verified!

In order to create a playlist on Sporcle, you need to verify the email address you used during registration. Go to your Sporcle Settings to finish the process.

Report this User

Report this user for behavior that violates our Community Guidelines.

Details: